Turzovka-Korňa-Živčák Kaplnka Panny Márie Kráľovnej pokoja

Zobrazenie: Na bielom podklade pohľady na exteriér a interiér kaplnky Panny Márie Kráľovnej Pokoja, v pravom rohu sa nachádzajú kytice kvetou pod oltárom

Bibliographic Details
Format: Photo
Language:Slovak
Published: Bratislava AVE E. Frická 1997
Subjects:

MARC

LEADER 00000ckm a2200000 a 4500
001 vtls001322922
003 SK-MaSNL
005 20260301235520.0
007 kf co
008 240131s1997 xo g 0kuslo
015 |a SNBG1999/01-00170 
035 |a SNK000275607 
035 |a urn:nbn:sk:snk-km3luyx 
035 |a FB513E18-9F9F-459A-872B-C2C236C159D0 
035 |a urn:nbn:sk:snk-km00dsy4 
040 |a SNK  |b slo  |c SNK  |e AACR2 
041 0 |a slo 
043 |a e-xo--- 
044 |a xo  |c SK 
072 7 |a 908(437)  |x Vlastiveda Česka a Slovenska  |2 konspekt 
080 |a 908(437.6)  |2 2011 
080 |a 726.95  |2 2011 
080 |a 726:27-523.43  |2 2011 
080 |a (084.121)  |2 2011 
080 |a 908.437.645(084.121)  |2 1981 
245 0 0 |a Turzovka-Korňa-Živčák  |h grafika  |b Kaplnka Panny Márie Kráľovnej pokoja 
260 |a Bratislava  |b AVE E. Frická  |c 1997 
300 |a 1 pohľadnica (2 čiastkové pohľady)  |b farebná  |c 11 x 15 cm 
520 8 |a Zobrazenie: Na bielom podklade pohľady na exteriér a interiér kaplnky Panny Márie Kráľovnej Pokoja, v pravom rohu sa nachádzajú kytice kvetou pod oltárom 
650 0 7 |a mariánske pútnické miesta  |2 SNKPH  |9 74757 
650 0 7 |a kaplnky  |2 SNKPH  |9 3026 
651 7 |a Živčáková (Turzovka, Slovensko)  |2 SNKPHgeo  |9 105451 
651 7 |a Turzovka (Slovensko)  |2 SNKPHgeo  |9 70170 
651 7 |a Korňa (Slovensko)  |2 SNKPHgeo  |9 87132 
651 7 |a Živčák, vrch (Turzovka, Slovensko)  |2 SNKPHgeo  |9 476782 
655 7 |a geografické pohľadnice  |2 SNKPH  |9 70522 
852 |a Slovenská národná knižnica 
958 |a GBN 
958 |a TL 
958 |a GC 
958 |a OND 
958 |a EUIPO 
999 |c 975421  |d 977351 
952 |t P60, <03>, [BOOK], {603}  |a SNK  |b SNK  |y PREZ  |7 0  |p 17A1287296  |o snkSP 148427  |i snkPV 436/98  |0 0  |1 0  |4 0  |d 1998-03-02  |f 1  |l 0  |r 2005-01-02 00:00:00  |w 2026-02-24 
952 |t P60, <04>, [BOOK], {604}  |a SNK  |b SNK  |y PREZ  |7 0  |p 17A1287297  |o snkSP 148427 D1  |i snkPV 437/98  |0 0  |1 0  |4 0  |d 1998-03-02  |l 0  |r 2005-01-02 00:00:00  |w 2026-02-24